Pálido fuego / (Record no. 110514)

MARC details
000 -LEADER
campo de control de longitud fija 00768nam a2200253 4500
001 - NÚMERO DE CONTROL
campo de control 110514
003 - IDENTIFICADOR DE NÚMERO DE CONTROL
campo de control ES-MaACL
005 - FECHA Y HORA DE LA ÚLTIMA TRANSACCIÓN
campo de control 20260121063017.0
007 - CAMPO FIJO DE DESCRIPCIÓN FÍSICA--INFORMACIÓN GENERAL
campo de control de longitud fija t|
008 - DATOS DE LONGITUD FIJA--INFORMACIÓN GENERAL
campo de control de longitud fija 061121s1986 sp r ||||1| spa d
020 ## - NÚMERO INTERNACIONAL ESTÁNDAR DEL LIBRO
Número Internacional Estándar del Libro 84-339-3082-6
100 ## - ENTRADA PRINCIPAL--NOMBRE DE PERSONA
Nombre de persona Nabokov, Vladimir
9 (RLIN) 239142
245 10 - MENCIÓN DEL TÍTULO
Título Pálido fuego /
Mención de responsabilidad, etc. Vladimir Nobakov ; traducción de Aurora Bernárdez.
260 ## - PUBLICACIÓN, DISTRIBUCIÓN, ETC.
Lugar de publicación, distribución, etc. Barcelona :
Nombre del editor, distribuidor, etc. Anagrama,
Fecha de publicación, distribución, etc. D. L. 1986.
300 ## - DESCRIPCIÓN FÍSICA
Extensión 317 p. ;
Dimensiones 20 cm.
490 1# - MENCIÓN DE SERIE
Mención de serie Panorama de narrativas ;
Designación de volumen o secuencia 82
RLIN 123642
490 1# - MENCIÓN DE SERIE
Mención de serie Biblioteca Nabokov
700 1# - ENTRADA AGREGADA--NOMBRE PERSONAL
Nombre de persona Bernárdez, Aurora.
9 (RLIN) 28270
830 00 - PUNTO DE ACCESO ADICIONAL DE SERIE-TÍTULO UNIFORME
Título uniforme Panorama de narrativas ;
Designación de volumen o secuencia 82
9 (RLIN) 123642
830 0# - PUNTO DE ACCESO ADICIONAL DE SERIE-TÍTULO UNIFORME
Título uniforme Biblioteca Nabokov
9 (RLIN) 180243
852 ## - LOCALIZACIÓN
Ubicación ES-MaACL
Número de control de estantería L-10442
Sublocalización o colección R.111949
942 ## - ELEMENTOS DE ENTRADA SECUNDARIOS (KOHA)
Fuente del sistema de clasificación o colocación Clasificación decimal universal
Holdings
Estatus retirado Estado de pérdida Estado de daño No para préstamo Biblioteca de origen Biblioteca actual Ubicación en estantería Fecha de adquisición Fuente de adquisición Total de préstamos Signatura topográfica completa Código de barras Visto por última vez Precio de reemplazo Tipo de ítem Koha
        Biblioteca del Ateneo de Madrid Biblioteca del Ateneo de Madrid Depósito 2 17/01/2008     L-10442 1115304 23/02/2023 23/02/2023 Libro impreso